000 00663nam a2200265Ia 4500
005 20260306164107.0
008 008 260114s9999 xx 000 0 eng d
020 _a9780823281541
037 _aEBOOK
040 _aCRL
040 _beng
040 _cCRL
041 _2eng
041 _aeng
084 _qCRL
100 _aOliver, Straub
_91129982
245 0 _aDeconstructing The Death Penalty: Derrida's Seminars And The New Abolitionism
260 _bFordham University Press
260 _c2019
650 _aPhilosophy
856 _uhttps://academic.oup.com/book/15399
942 _cEBOOK
999 _c1712727
_d1712727